DC superheroes - Statistics

General Stats
  • This quiz has been taken 613 times
  • The average score is 20 of 56
Answer Stats
Superheroes % Correct
Batman
100%
Super Man
99%
Wonder Woman
95%
Flash
93%
Robin
90%
Aquaman
84%
Cyborg
83%
Green Lantern
80%
Nightwing
74%
Beast Boy
72%
Green Arrow
71%
Raven
70%
Starfire
69%
Super Girl
68%
Batgirl
64%
Martian Manhunter
62%
Shazam
53%
Hawkman
52%
Hawkgirl
49%
Black Canary
47%
Blue Beetle
45%
Atom
40%
Catwoman
38%
Doctor Fate
38%
Zatanna
31%
Booster Gold
27%
Fire
27%
Black Adam
26%
Red Tornado
23%
Firestorm
22%
Captain Atom
17%
Huntress
16%
Elongated Man
14%
Ice
13%
Power Girl
13%
Vixen
13%
Steel
12%
Vibe
11%
Hawkwoman
8%
Metamorpho
7%
Animal Man
5%
Mister Miracle
5%
Orion
5%
Doctor Light
4%
Phantom Stranger
4%
Gypsy
2%
Ray
2%
Rocket Red
2%
Agent Liberty
1%
Black Condor
1%
Bloodwynd
1%
Crimson Fox
1%
General Glory
1%
Lightray
1%
Maxima
1%
Tasmanian Devil
1%
No matching quizzes found
Score Distribution
Percent of People with Each Score
Percentile by Number Answered
Your Score History
You have not taken this quiz